Doing business in Czech Republic after accession to the EU

Vplyv európskej integrácie na podnikanie životného prostredia a konkurencieschopnosti Českej republiky.

Gespeichert in:
Bibliographische Detailangaben
1. Verfasser: Litva, Dušan
Format: Buchkapitel
Sprache:Englisch
Schlagworte:
Tags: Tag hinzufügen
Keine Tags, Fügen Sie das erste Tag hinzu!

MARC

LEADER 00000naa a2200000 4500
001 0237836
005 20220805080220.3
041 0 |a eng 
044 |a CZ 
245 1 0 |a Doing business in Czech Republic after accession to the EU  |c Dušan Litva 
520 |a Vplyv európskej integrácie na podnikanie životného prostredia a konkurencieschopnosti Českej republiky. 
610 2 0 |a podnikanie 
610 2 0 |a prostredie životné 
610 2 0 |a konkurencieschopnosť 
610 2 0 |a Česko 
610 2 0 |a Európska únia 
610 2 0 |a integrácia ekonomická medzinárodná 
100 1 |a Litva, Dušan